Catalog

Record Details

Catalog Search



The girl who knew too much  Cover Image Book Book

The girl who knew too much / Amanda Quick.

Quick, Amanda, (author.).

Summary:

When Hollywood moguls and stars want privacy, they head to an idyllic small town on the coast, where the exclusive Burning Cove Hotel caters to their every need. It's where reporter Irene Glasson finds herself staring down at a beautiful actress at the bottom of a pool. The dead woman had a red-hot secret about up-and-coming leading man Nick Tremayne, a scoop that Irene couldn't resist--especially since she's just a rookie at a third-rate gossip rag. But now Irene's investigation into the drowning threatens to tear down the wall of illusion that is so deftly built around the famous actor, and there are powerful men willing to do anything to protect their investment. Seeking the truth, Irene finds herself drawn to a master of deception. Oliver Ward was once a world-famous magician--until he was mysteriously injured during his last performance. Now the owner of the Burning Cove Hotel, he can't let scandal threaten his livelihood, even if it means trusting Irene, a woman who seems to have appeared in Los Angeles out of nowhere four months ago. With Oliver's help, Irene soon learns that the glamorous paradise of Burning Cove hides dark and dangerous secrets. And that the past--always just out of sight--could drag them both under.

Record details

  • ISBN: 9780399174476
  • ISBN: 0399174478
  • Physical Description: 355 pages ; 24 cm
  • Edition: First edition.
  • Publisher: New York : Berkley, ©2017.
Subject: Celebrities > California > Fiction.
Drowning victims > Fiction.
Reporters and reporting > Fiction.
Hotels > California > Fiction.
Murder > Fiction.
Man-woman relationships > Fiction.
California > Fiction.
Genre: Romantic suspense fiction.
Mystery fiction.

Available copies

  • 1 of 1 copy available at scottsboropl.

Holds

  • 0 current holds with 1 total copy.
Show Only Available Copies
Location Call Number / Copy Notes Barcode Shelving Location Status Due Date
scottsboropl F Qui 32269001015562 Adult - Fiction Available -

LDR 02564nam a22004218i 4500
001143343
003CONS
00520170509101304.0
008161212t20172017nyu 000 1 eng
010 . ‡a 2016050066
020 . ‡a9780399174476 ‡q(hardback)
020 . ‡a0399174478 ‡q(hardback)
035 . ‡a(CPomAG)LMN599688
042 . ‡apcc
043 . ‡an-us-ca
05000. ‡aPS3561.R44 ‡bG57 2017
08200. ‡a813/.54 ‡223
1001 . ‡aQuick, Amanda, ‡eauthor.
24514. ‡aThe girl who knew too much / ‡cAmanda Quick.
250 . ‡aFirst edition.
264 1. ‡aNew York : ‡bBerkley, ‡c©2017.
300 . ‡a355 pages ; ‡c24 cm
336 . ‡atext ‡btxt ‡2rdacontent
337 . ‡aunmediated ‡bn ‡2rdamedia
338 . ‡avolume ‡bnc ‡2rdacarrier
520 . ‡aWhen Hollywood moguls and stars want privacy, they head to an idyllic small town on the coast, where the exclusive Burning Cove Hotel caters to their every need. It's where reporter Irene Glasson finds herself staring down at a beautiful actress at the bottom of a pool. The dead woman had a red-hot secret about up-and-coming leading man Nick Tremayne, a scoop that Irene couldn't resist--especially since she's just a rookie at a third-rate gossip rag. But now Irene's investigation into the drowning threatens to tear down the wall of illusion that is so deftly built around the famous actor, and there are powerful men willing to do anything to protect their investment. Seeking the truth, Irene finds herself drawn to a master of deception. Oliver Ward was once a world-famous magician--until he was mysteriously injured during his last performance. Now the owner of the Burning Cove Hotel, he can't let scandal threaten his livelihood, even if it means trusting Irene, a woman who seems to have appeared in Los Angeles out of nowhere four months ago. With Oliver's help, Irene soon learns that the glamorous paradise of Burning Cove hides dark and dangerous secrets. And that the past--always just out of sight--could drag them both under.
650 0. ‡aCelebrities ‡zCalifornia ‡vFiction.
650 0. ‡aDrowning victims ‡vFiction.
650 0. ‡aReporters and reporting ‡vFiction.
650 0. ‡aHotels ‡zCalifornia ‡vFiction.
650 0. ‡aMurder ‡vFiction.
650 0. ‡aMan-woman relationships ‡vFiction.
651 0. ‡aCalifornia ‡vFiction.
655 7. ‡aRomantic suspense fiction. ‡2gsafd
655 7. ‡aMystery fiction. ‡2gsafd
914 . ‡aSCP_jd
959 . ‡i32269001015562 ‡lF Qui ‡aAdult - Fiction ‡tFiction ‡g30.00
852 . ‡p32269001015562 ‡jF Qui ‡gAdult - Fiction ‡cFiction ‡y30.00 ‡bSBPL
901 . ‡a143343 ‡bUnknown ‡c143343 ‡tbiblio

Additional Resources